Don Benito : (Record no. 192180)

MARC details
000 -LEADER
campo de control de longitud fija 00815nam a2200229 i 4500
001 - NÚMERO DE CONTROL
campo de control 192180
003 - IDENTIFICADOR DE NÚMERO DE CONTROL
campo de control ES-MaACL
005 - FECHA Y HORA DE LA ÚLTIMA TRANSACCIÓN
campo de control 20240128062952.0
008 - DATOS DE LONGITUD FIJA--INFORMACIÓN GENERAL
campo de control de longitud fija 221107s2019 sp |||| ||spa d
017 ## - NÚMERO DE COPYRIGHT O DE DEPÓSITO LEGAL
Número de copyright o de depósito legal BA 397-2019
Agencia que asigna Oficina Depósito Legal Badajoz
040 ## - FUENTE DE CATALOGACIÓN
Lengua de catalogación spa
Centro/agencia transcriptor ES-MaACL
080 ## - NÚMERO DE LA CLASIFICACIÓN DECIMAL UNIVERSAL
Número de la Clasificación Decimal Universal 908(460.253 Don Benito)(036)
245 00 - MENCIÓN DEL TÍTULO
Título Don Benito :
Resto del título con todos sus sentidos : guía turística.
260 ## - PUBLICACIÓN, DISTRIBUCIÓN, ETC.
Lugar de publicación, distribución, etc. Don Benito :
Nombre del editor, distribuidor, etc. Ayuntamiento de Don Benito,
Fecha de publicación, distribución, etc. [2019]
300 ## - DESCRIPCIÓN FÍSICA
Extensión [96] p. :
Otras características físicas ilustraciones (color) ;
Dimensiones 14 x 20 cm.
651 #4 - PUNTO DE ACCESO ADICIONAL DE MATERIA--NOMBRE GEOGRÁFICO
Nombre geográfico Don Benito-
Subdivisión de forma Guías turísticas.
9 (RLIN) 175787
710 1# - ENTRADA AGREGADA--NOMBRE DE ENTIDAD CORPORATIVA
Nombre de entidad corporativa o nombre de jurisdicción como elemento de entrada Don Benito.
Unidad subordinada Ayuntamiento.
9 (RLIN) 172938
852 4# - LOCALIZACIÓN
Ubicación ES-MaACL
Número de control de estantería N-8126
Ubicación en estantería Depósito J
Donativo/Legado Donación: Editorial
itemnumber 199462
942 ## - ELEMENTOS DE ENTRADA SECUNDARIOS (KOHA)
Tipo de ítem Koha Libro impreso
Suprimir en OPAC No
Holdings
Estatus retirado Estado de pérdida Fuente del sistema de clasificación o colocación Estado de daño No para préstamo Biblioteca de origen Biblioteca actual Ubicación en estantería Fecha de adquisición Fuente de adquisición Total de préstamos Signatura topográfica completa Código de barras Visto por última vez Tipo de ítem Koha
    Clasificación decimal universal     Biblioteca del Ateneo de Madrid Biblioteca del Ateneo de Madrid Depósito J 07/11/2022 Donación   N-8126 101206425 23/02/2023 Libro impreso